La humanidad frente a la barbarie: reflexiones sobre la guerra, la muerte y la supervivencia

Spremljeno u:
Bibliografski detalji
Glavni autor: Muchnik, Daniel (autor)
Format: Knjiga
Jezik:španjolski
Izdano: Buenos Aires Ariel 2017
Izdanje:1a. ed
Serija:Ariel Periodismo y Actualidad
Teme:
Oznake: Dodaj oznaku
Bez oznaka, Budi prvi tko označuje ovaj zapis!

MARC

LEADER 00000cam a2200000 a 4500
001 UCC3105
003 CL-VaPUC
008 180413e20170900ag |||||||||||||||||spa|d
020 |a 9789873804533 
082 0 4 |a 930  |b MUC  |2 21 
100 |a Muchnik, Daniel  |e autor  |9 597175 
245 1 3 |a La humanidad frente a la barbarie: reflexiones sobre la guerra, la muerte y la supervivencia 
250 |a 1a. ed 
300 |a 197 p 
942 |c BK 
945 |d 20180413 15:45:00  |a arojas 
260 |a Buenos Aires  |b Ariel  |c 2017 
650 7 |a HISTORIA DEL SIGLO 20  |2 CL-VaPUC  |9 534281 
650 0 |a Historia mundial   |9 521627 
650 0 |a Violencia  |9 255411 
650 0 |a Guerra  |9 255876 
583 |a last modification  |c 20180413 15:45:00  |k Rodrigo Vera 
490 0 |a Ariel Periodismo y Actualidad 
999 |c 370959  |d 370957 
952 |0 0  |1 0  |3 erb  |4 0  |6 930_000000000000000_MUC_2017  |7 0  |8 A  |9 487762  |a BIBHIS  |b BIBHIS  |i 5464145  |l 2  |o 930 MUC 2017  |p 5464145  |r 2025-01-20  |s 2024-12-20  |w 2019-11-24  |y BK  |z Catalogado en:20180413  |k HIS